01132nam a2200193Ia 4500001001100000003001000011008004100021040002500062041001300087100002000100245006300120250001100183260006200194300001200256500026200268501011400530520026200644650003200906L540-26054IT-CnALBA170116s9999||||xx |||||||||||||| ||und|| aIT-CnALBAcIT-CnALBA aITALIANO aALTERIO AURELIO 0aCHIMICA E MINERALOGIA. PER I LICEI E ISTITUTI MAGISTRALI.  a1a ed. aTORINObPETRINI G.B. CASA EDITRICE c1963 [1° Ed.: n.d.] a405 p.  aPREFAZIONE DELL'AUTORE. TAVOLE FUORI TESTO, INDICE. MOLECOLE E ATOMI. MATERIA ELEMENTI. COMPOSTI. MISCUGLI. REAZIONI ED EQUAZIONI CHIMICHE. ELETTROCHIMICA. CHIMICA MODERNA E ANTICHITÀ, STORIA. CLASSIFICAZIONE DEI CRISTALLI. GIACIMENTI. MINERALOGIA DESCRIT aSocietà San Paolo EM - Piazza San Paolo, 14 - 12051 ALBA (CN) (non commercial uses only) ® Copyright 2017 aPREFAZIONE DELL'AUTORE. TAVOLE FUORI TESTO, INDICE. MOLECOLE E ATOMI. MATERIA ELEMENTI. COMPOSTI. MISCUGLI. REAZIONI ED EQUAZIONI CHIMICHE. ELETTROCHIMICA. CHIMICA MODERNA E ANTICHITÀ, STORIA. CLASSIFICAZIONE DEI CRISTALLI. GIACIMENTI. MINERALOGIA DESCRIT aCHIMICA E SCIENZE COLLEGATE